| 000 | 00462nam a22001697a 4500 | ||
|---|---|---|---|
| 005 | 20241022144510.0 | ||
| 008 | 240910b |||||||| |||| 00| 0 eng d | ||
| 020 | _a9781119540267 | ||
| 082 |
_a006.787 _bMOR-T |
||
| 100 | _aMorris, Tee | ||
| 245 |
_aTwitch for dummies / _cTee Morris |
||
| 260 |
_aUSA: _bWiley; _c2019. |
||
| 300 |
_axiv, 300 p. : _bill; _c23 cm. |
||
| 500 | _ainclude index. | ||
| 650 | _aSocial Media Marketing for Businesses | ||
| 999 |
_c36559 _d36559 |
||